LEADER 01282nam2 22003133i 450 001 TO00548970 005 20231121125838.0 100 $a20190311d1967 ||||0itac50 ba 101 | $aita 102 $ait 181 1$6z01$ai $bxxxe 182 1$6z01$an 200 1 $a˜1: œDizionario latino-italiano$fFerruccio Calonghi 205 $a3. ed. interamente rifusa ed aggiornata del dizionario Georges-Calonghi 210 $aTorino$cRosenberg & Sellier, c1950$dstampa 1967 215 $aXIV, 2960 col.$d24 cm. 461 1$1001RAV0167700$12001 $aDizionario della lingua latina$fFerruccio Calonghi e Oreste Badellino$v1 606 $aLingua latina$xDizionari$2FIR$3RMLC002340$9I 676 $a473.51$9LATINO CLASSICO. DIZIONARI IN ITALIANO$v22 700 1$aCalonghi$b, Ferruccio$3RAVV051125$4070$072345 801 3$aIT$bIT-01$c20190311 850 $aIT-RM0281 $aIT-FR0017 899 $aBIBLIOTECA VALLICELLIANA$bRM0281 899 $aBiblioteca umanistica Giorgio Aprea$bFR0017 $eN 912 $aTO00548970 950 2$aBiblioteca umanistica Giorgio Aprea$d 52DCB Cal.Diz.$e 52DUP0009021465 VMB RS $fC $h20190311$i20190311 977 $a 08$a 52 996 $aDizionario latino-italiano$964352 997 $aUNICAS LEADER 01257nam0 22003011i 450 001 UON00214564 005 20231205103348.460 010 $a34-7612-107-0 100 $a20030730d1982 |0itac50 ba 101 $ager 102 $aDE 105 $a|||| 1|||| 200 1 $aGerhart Hauptmann$fSigfrid Hoefert 205 $a2.$bdurchgesehene und ergänzte Auflage 210 $aStuttgart$cJ. B. Metzlersche Verlagsbuchhandlung$d1982 215 $aXIII, 136 p.$d19 cm. 410 1$1001UON00174157$12001 $aSammlung Metzler. Realien zur Literatur, Abt. D$eLiteraturgeschichte$1210 $aStuttgart$cJ.B. Metzlersche Verlagsbuchhandlung.$vM 107 606 $aHAUPTMANN GERHART$3UONC040343$2FI 620 $aDE$dWiesbaden$3UONL003153 676 $a833$cLetteratura narrativa tedesca$v21 700 1$aHOEFERT$bSigfrid$3UONV129600$0199703 712 $aMetzlersche Verlagsbuchhandlung$3UONV266502$4650 801 $aIT$bSOL$c20240220$gRICA 899 $aSIBA - SISTEMA BIBLIOTECARIO DI ATENEO$2UONSI 912 $aUON00214564 950 $aSIBA - SISTEMA BIBLIOTECARIO DI ATENEO$dSI TED 2 S.M. 107 $eSI LO 24006 5 107 $sBuono 996 $aGerhart Hauptmann$989535 997 $aUNIOR